000 00507nam a2200181Ia 4500
008 090123s9999 xx 000 0 und d
082 _b36197
100 _aशेवते अरुण
245 _aरात्ररंग
250 _a1
260 _bमेहता प्रकाशन
_c2004
300 _a242
600 _aशेवते अरुण
630 _aरात्ररंग
700 _aशेवते अरुण
730 _aरात्ररंग
942 _cBOOK
999 _c74265
_d74265